पंजाबी की सर्वशेष्ठ कहानियां / (Record no. 116371)

MARC details
000 -LEADER
fixed length control field 01150nam a22002657a 4500
005 - DATE AND TIME OF LATEST TRANSACTION
control field 20170124103038.0
010 ## - LIBRARY OF CONGRESS CONTROL NUMBER
LC control number A-918938
020 ## - INTERNATIONAL STANDARD BOOK NUMBER
Terms of availability 125.00
International Standard Book Number 8186265252
035 ## - SYSTEM CONTROL NUMBER
System control number A-918938
037 ## - SOURCE OF ACQUISITION
Source of stock number/acquisition Cen Lib/Ret
040 ## - CATALOGING SOURCE
Original cataloging agency DPL
Language of cataloging HN
082 ## - DEWEY DECIMAL CLASSIFICATION NUMBER
Classification number
Item number गुजरा
100 ## - MAIN ENTRY--PERSONAL NAME
Personal name गुजराल, तरमेस
9 (RLIN) 66189
245 ## - TITLE STATEMENT
Title पंजाबी की सर्वशेष्ठ कहानियां /
Statement of responsibility, etc संपादक तरमेस गुजराल
246 ## - VARYING FORM OF TITLE
Title proper/short title Punjabi ki saryasreshth kahaniyan /
Remainder of title sampadak tarmes Gujral
260 ## - PUBLICATION, DISTRIBUTION, ETC. (IMPRINT)
Place of publication, distribution, etc दिल्ली
Name of publisher, distributor, etc मनु प्रकाशन
Date of publication, distribution, etc 1198
270 ## - ADDRESS
City दिल्ली
Address 1/6678, गली न. 3, पूर्वी रोहतास
Postal code 110032
300 ## - PHYSICAL DESCRIPTION
Extent 151p.
Dimensions 19cm(सजिल्द)
650 ## - SUBJECT ADDED ENTRY--TOPICAL TERM
Topical term or geographic name as entry element पंजाबी साहित्य
9 (RLIN) 66190
650 ## - SUBJECT ADDED ENTRY--TOPICAL TERM
Topical term or geographic name as entry element पंजाबी साहित्य
General subdivision कहानियां
9 (RLIN) 63853
650 ## - SUBJECT ADDED ENTRY--TOPICAL TERM
Topical term or geographic name as entry element Punjabi literature
9 (RLIN) 781
650 ## - SUBJECT ADDED ENTRY--TOPICAL TERM
Topical term or geographic name as entry element Punjabi literature
General subdivision stories
9 (RLIN) 66191
700 ## - ADDED ENTRY--PERSONAL NAME
Personal name गुजराल, तरमेस
9 (RLIN) 66192
942 ## - ADDED ENTRY ELEMENTS (KOHA)
Source of classification or shelving scheme Dewey Decimal Classification
Koha item type Hindi Books
Classification part
Call number suffix गुजरा
Holdings
Withdrawn status Lost status Damaged status Not for loan Home library Current library Date acquired Source of acquisition Cost, normal purchase price Total Checkouts Full call number Barcode Date last seen Date checked out Copy number Cost, replacement price Price effective from Koha item type
        Central Library Central Library 24/08/2015 Cen Lib/Ref 125.00 2 क गुजरा A-918938 22/08/2019 07/08/2019 1 125.00 24/08/2015 Hindi Books

© Delhi Public Library
Hit Counter
free hit counter